Reprezentace diskrétních paralelních procesů v PROLOGu

Bibliographic Details
Main Author: Masár, Lubomír (Author)
Format: Article
Language:Czech
PhysicalDescription:Lit. 5 zázn. v slov., češ., angl.
Subjects:

MARC

LEADER 00000nab a2200000 a 4500
001 vtls000389095
003 SK-MaSNL
005 20260304013326.0
008 160204c1989 xo 0 cze
015 |a SNBRA19rr/mm-uuuuu 
035 |a CL0389219 
040 |a SNKBUCL  |b slo  |c SNKBUCL  |e AACR2 
041 0 |a cze 
044 |a xo  |c SK 
080 |a 519.682:519.854  |2 1981 
080 |a 519.854  |2 1981 
100 1 |a Masár, Lubomír  |4 aut  |9 451441 
245 1 0 |a Reprezentace diskrétních paralelních procesů v PROLOGu  |c L. Masár 
300 |b Lit. 5 zázn. v slov., češ., angl. 
650 0 7 |a procesy paralelné  |2 snkbucl  |9 934021 
650 0 7 |a databázy  |2 snkbucl  |9 885 
650 0 7 |a Prolog (programovací jazyk)  |2 snkbucl  |9 81967 
650 0 7 |a Petriho siete  |2 snkbucl  |9 67953 
655 7 |a články zo zborníkov  |2 snkbucl  |9 166140 
773 0 |t Počítačové riadenie diskrétnych procesov  |d Bratislava : Dom techniky ČSVTS, 1989 
850 |a Slovenská národná knižnica v Martine  |a MTA001 
852 |a SNK  |b KIS3GCP 
958 |a NB 
958 |a RK 
992 |a RZB 
999 |c 2575320  |d 2577250